Siddhartha (Registo nº 183)

Detalhes MARC
000 -Etiqueta do registo
Cabeçalho 00737nam0a2200253 4500
005 - Identificador da versão
Campo de controlo 20240821130141.0
010 ## - Número internacional normalizado dos livros (ISBN)
Número (ISBN) 8481304964
021 ## - Número do Depósito Legal
Código do país PT
Número B. 18 064-2002
100 ## - Dados gerais de processamento
Dados gerais de processamento 20160502d2002 m y0pory5003 ba
101 1# - Língua de publicação
Língua do texto, banda sonora, etc. Português
102 ## - Pais de publicação ou produção
País de publicação Portugal
106 ## - Campo de dados codificados: material textual
Dados codificados do material textual r
200 1# - Titulo e menção de responsabilidade
Título próprio Siddhartha
Informação de outro título um poema indiano
Primeira menção de responsabilidade Hermann Hesse
Outras menções de responsabilidade trad. Pedro Miguel Dias
210 ## - Publicação, Distribuição, etc. 
Lugar da edição, distribuição, etc. Porto
Nome do editor, distribuidor, etc. Público Comunicação Social
Data da publicação, distribuição, etc. D. L. 2002
215 ## - Descrição física 
Indicação específica da natureza do documento e extensão da espécie 126, [1] p
225 2# - Colecção 
Título próprio da colecção Mil folhas
Indicação de volume 3
606 ## - Nome comum usado como assunto
Número de registo de entrada de autoridade 0002835
Palavra de ordem Literatura suiça em língua alemã
Subdivisão de assunto Romance
Código do sistema CA
675 ## - Classificação Decimal Universal (CDU)
Notação 821.112.2(494)-31
Edição 3ª ed.
Língua da edição por
700 ## - Nome de autor-pessoa física (responsabilidade principal)
Número de registo de entrada de autoridade 0000259
Palavra de ordem Hesse
Outra parte do nome não tomada para palavra de ordem Hermann
Datas 1877-1962
702 #1 - Nome de autor-pessoa física (responsabilidade secundária)
Número de registo de entrada de autoridade 0002841
Palavra de ordem Dias
Outra parte do nome não tomada para palavra de ordem Pedro Miguel
Código de função Tradutor
942 ## - Elementos de entrada adicionados (Koha)
Tipo de item no Koha Livro
966 ## - Identificação da Biblioteca
Sigla EB2,3ENM
Exemplares
Situação do levantamento Origin of item (home branch) (coded) Biblioteca de empréstimo Código de barras Cota Circulation type (not for loan) Tipo de documento Nota do exemplar Damaged status
  Biblioteca Escolar Eng. Nuno Mergulhão Biblioteca Escolar Eng. Nuno Mergulhão BENM352 82LE-3 HES   Livro Sem mensagem